Home Print Resources E-Books E-Journals IIMT Lecture Series Library Membership Form Book Recommendation Form Campus Tour Take AdmissionAbout Us Contact Us

Encyclopaedia of World His in Phy.Edu & Sports (Record no. 27872)

000 -LEADER
fixed length control field 00260nam a2200097Ia 4500
008 - FIXED-LENGTH DATA ELEMENTS--GENERAL INFORMATION
fixed length control field 170620s9999 xx 000 0 und d
100 ## - MAIN ENTRY--PERSONAL NAME
Personal name Gupta-Rakesh/Kapil-R.C
245 #0 - TITLE STATEMENT
Title Encyclopaedia of World His in Phy.Edu & Sports
260 ## - PUBLICATION, DISTRIBUTION, ETC.
Name of publisher, distributor, etc. New delhi.Friends Pub
260 ## - PUBLICATION, DISTRIBUTION, ETC.
Date of publication, distribution, etc. 2005
300 ## - PHYSICAL DESCRIPTION
Extent 232

No items available.

IIMT, Central Library. All Rights Reserved IIMT,UNIVERSITY © 2023
Implemented and Customised by I CLOUDE EMS
You Are OPAC Visitor No
free web counter

Powered by Koha